Old Testament history / (Record no. 13737)
[ view plain ]
| 000 -LEADER | |
|---|---|
| fixed length control field | 00448nam a2200145 4500 |
| 008 - FIXED-LENGTH DATA ELEMENTS--GENERAL INFORMATION | |
| fixed length control field | 021107s1951 enk eng |
| 090 ## - LOCALLY ASSIGNED LC-TYPE CALL NUMBER (OCLC); LOCAL CALL NUMBER (OCLC) | |
| Classification number (OCLC) (R) ; Classification number, CALL (RLIN) (NR) | BS1197 |
| Local cutter number (OCLC) ; Book number/undivided call number, CALL (RLIN) | W11o |
| 100 1# - MAIN ENTRY--PERSONAL NAME | |
| Personal name | Wade, G. W. |
| 245 10 - TITLE STATEMENT | |
| Title | Old Testament history / |
| Statement of responsibility, etc | G. W. Wade. |
| 250 ## - EDITION STATEMENT | |
| Edition statement | 13th ed. |
| 260 ## - PUBLICATION, DISTRIBUTION, ETC. (IMPRINT) | |
| Place of publication, distribution, etc | London : |
| Name of publisher, distributor, etc | Methuen & Co., |
| Date of publication, distribution, etc | c1951. |
| 300 ## - PHYSICAL DESCRIPTION | |
| Extent | 507 p. : |
| Other physical details | ills., maps |
| 650 #4 - SUBJECT ADDED ENTRY--TOPICAL TERM | |
| Topical term or geographic name as entry element | Bible |
| General subdivision | History of biblical events. |
| 951 ## - EQUIVALENCE OR CROSS-REFERENCE-GEOGRAPHIC NAME/AREA NAME [OBSOLETE] [CAN/MARC only] | |
| -- | 2593 |
| -- | BS1197/W11o |
| -- | 070613111202375 |
| -- | 2000-12-21 |
| -- | GC |
| Withdrawn status | Lost status | Source of classification or shelving scheme | Damaged status | Not for loan | Home library | Current library | Shelving location | Date acquired | Accession number | Shelving control number | Total Checkouts | Full call number | Barcode | Date last seen | Price effective from | Koha item type | Copy number |
|---|---|---|---|---|---|---|---|---|---|---|---|---|---|---|---|---|---|
| Library of Congress Classification | BSOP Library | BSOP Library | GC | 12/21/2000 | 2593 | 127 | BS1197/W11o | 00003332 | 02/23/2013 | 02/23/2013 | Books | ||||||
| Library of Congress Classification | BSOP Library | BSOP Library | GC | 09/07/2021 | 6817 | BS1197/W11o c.2 | 00002860 | 09/07/2021 | 09/07/2021 | Books | c.2 |
